000 00329nam a22001217a 4500
999 _c3208
_d3208
005 20201118154117.0
008 201118b ||||| |||| 00| 0 eng d
020 _a0855984694
040 _cCML
245 _aAIDS on the Agenda.
_cHolden S.
260 _aUK
_bOxfam
_c2003
942 _2ddc
_cBK
_e1st Edition
_h338
_mHOL